An evaluation of United States - Japanese negotiations of major commercial disputes during the 1930's
Đã lưu trong:
| Príomhúdar: | |
|---|---|
| Formáid: | Leabhar |
| Teanga: | Undetermined |
| Foilsithe: |
[Tokyo]
[1983]
|
| Ábhair: | |
| Clibeanna: |
Cuir Clib Leis
Gan Chlibeanna, Bí ar an gcéad duine leis an taifead seo a chlibeáil!
|
| Thư viện lưu trữ: | Trung tâm Học liệu Trường Đại học Cần Thơ |
|---|
| LEADER | 00611nam a2200193Ia 4500 | ||
|---|---|---|---|
| 001 | CTU_82538 | ||
| 008 | 210402s9999 xx 000 0 und d | ||
| 082 | |a 382 | ||
| 082 | |b R684 | ||
| 100 | |a Rockwell, Kressler Peter | ||
| 245 | 3 | |a An evaluation of United States - Japanese negotiations of major commercial disputes during the 1930's | |
| 245 | 0 | |c Kressler Peter Rockwell | |
| 260 | |a [Tokyo] | ||
| 260 | |c [1983] | ||
| 650 | |a United states,Japan | ||
| 650 | |x Commercial,Commercial | ||
| 650 | |z Japan,United states | ||
| 904 | |i Trúc, QHieu | ||
| 980 | |a Trung tâm Học liệu Trường Đại học Cần Thơ | ||